000 00414nam a2200181Ia 4500
003 0STCL
008 150530s9999 xx 000 0 und d
040 _aSTCL
_cSTCL
100 _aKishor Kumar
245 _aBharath Mein Sampradayikatha Atheeth Aur Varthaman
250 _a1
260 _c2005
_aNew Delhi
300 _a0
546 _aHindi
942 _2ddc
_cBK
999 _c65196
_d65196
005 20220125171300.0